| 000 | 01056nam a22003377a 4500 | ||
|---|---|---|---|
| 001 | BR2014001840 | ||
| 003 | BR-BrBNA | ||
| 005 | 20230928104422.0 | ||
| 007 | ta | ||
| 008 | 230509b bl.||||| |||| 00| 0 por d | ||
| 040 |
_aBR-BrBNA _bpor _cBiblioteca Nacional de Agricultura |
||
| 041 | _a(Por) | ||
| 072 |
_aF03; H20 _b1850 _b3575 _b4110 |
||
| 090 | _ 1850 BR2014001840 | ||
| 100 | 1 | _aLelis, F.M.V. | |
| 110 | 1 |
_aUniversidade Federal de Lavras, MG (Brasil) _0Tese (Doutorado) |
|
| 245 | 1 | _aColonização de sementes e plantas de tomate cultivadas em vitro por Clavibacter michiganensis subsp. michiganensis transformadas com gfp | |
| 260 | 3 |
_aLavras, MG (Brasil): _c2013. |
|
| 300 | _a80 p. | ||
| 500 | _aSummaries (Eng, Por); Several bibliography; 10 illus. | ||
| 650 | _aTOMATE | ||
| 650 | _aVARIEDADE | ||
| 650 | _aSEMENTE | ||
| 650 | _aCULTURA IN VITRO | ||
| 650 | _aCANCRO BACTERIANO | ||
| 650 | _aBACTÉRIA | ||
| 650 | _aPATÓGENO | ||
| 650 | _aTRANSMISSÃO DE DOENÇA | ||
| 909 |
_a202309 _bLucia _c55 _dLucia Elande |
||
| 942 | _cBK | ||
| 999 |
_c79793 _d79793 |
||